Don Pedro Gual: el estadista grancolombiano
Spremljeno u:
| Glavni autor: | |
|---|---|
| Format: | Knjiga |
| Jezik: | španjolski |
| Izdano: |
Bogotá
Kelly
1971
|
| Serija: | Bolsilibros de la Academia de Historia, 15
|
| Teme: | |
| Oznake: |
Dodaj oznaku
Bez oznaka, Budi prvi tko označuje ovaj zapis!
|
MARC
| LEADER | 00000nam a2200000 a 4500 | ||
|---|---|---|---|
| 001 | UCP8717 | ||
| 003 | CL-VaPUC | ||
| 008 | 000310e19710000CK |||||||||||||||||spa|d | ||
| 082 | 0 | 4 | |a 923.2 |b CRU |2 21 |
| 100 | 0 | |a Cruz Santos, Abel |e author |9 438871 | |
| 245 | 1 | 0 | |a Don Pedro Gual: el estadista grancolombiano |
| 300 | |a 85 p | ||
| 942 | |c BK | ||
| 945 | |d 20000310 00:00:00 |a rherrera | ||
| 260 | |a Bogotá |b Kelly |c 1971 | ||
| 600 | 0 | 7 | |a GUAL ESCANDON, PEDRO |2 CL-VaPUC |9 438872 |
| 650 | 0 | |a Biografías |9 255210 | |
| 650 | 7 | |a MINISTROS |2 CL-VaPUC |9 377807 | |
| 650 | 7 | |a DIPLOMATICOS |2 CL-VaPUC |9 268888 | |
| 650 | 0 | |a Vida y obra |9 311871 | |
| 651 | 0 | |a Colombia |9 256424 | |
| 583 | |a last modification |c 20000310 00:00:00 |k Rodrigo Vera | ||
| 490 | 0 | |a Bolsilibros de la Academia de Historia, 15 | |
| 999 | |c 285608 |d 285606 | ||
| 952 | |0 0 |1 0 |4 0 |6 923_200000000000000_CRU_1971 |7 0 |8 A |9 330335 |a BIBHIS |b BIBHIS |d 2019-11-20 |i 139360K |o 923.2 CRU 1971 |p 139360K |r 2025-01-20 |w 2019-11-20 |y BK |k HIS | ||